000 00487caa a22002052a 4500
001 000715
003 AR-FADEU
008 311216n############xxu####################dd
092 _aPP(307)BOL
100 _aGallopin, G. C.
245 _bTecnología y sistemas ecológicos
245 _aBoletín de medio ambiente y urbanización
300 _a1-16
440 _v3
440 _n12
260 _cnov 1985
650 _aMEDIO AMBIENTE
650 _aTECNOLOGIA
942 _cPPGR
999 _c3493
_d3493